logo

Bir Sreshtho Munshi Abdur Rouf Library
Jhenaidah Cadet College

Workers for humanity / (Record no. 7833)

MARC details
000 -LEADER
fixed length control field 00652cam a2200265I 4500
001 - CONTROL NUMBER
JCCL Control Number 7833
003 - CONTROL NUMBER IDENTIFIER
JCCL marc code BD-JhCC
005 - DATE AND TIME OF LATEST TRANSACTION
control field 20181003174011.0
008 - FIXED-LENGTH DATA ELEMENTS--GENERAL INFORMATION
fixed length control field 750521s1962 enk 000 0 eng d
029 1# - (OCLC)
OCLC library identifier UKM
System control number b6218463
035 ## - SYSTEM CONTROL NUMBER
system control number BD-JhCC
035 ## - SYSTEM CONTROL NUMBER
system control number (BD-JhCC)7833
035 ## - SYSTEM CONTROL NUMBER
system control number 41417
040 ## - CATALOGING SOURCE
Original cataloging agency ORL
Transcribing agency ORL
Modifying agency UKM
-- OCL
-- BD-JhCC
041 ## - LANGUAGE CODE
Language code of Book eng
082 ## - DEWEY DECIMAL CLASSIFICATION NUMBER
Author mark and Year SPE 1962
Classification number 923.6
092 ## - LOCALLY ASSIGNED DEWEY CALL NUMBER (OCLC)
Item number Spe
100 1# - MAIN ENTRY--PERSONAL NAME
Personal name Spencer, John
245 10 - TITLE STATEMENT
Title Workers for humanity /
Statement of responsibility, etc John Spencer,
260 ## - PUBLICATION, DISTRIBUTION, ETC. (IMPRINT)
Place of publication, distribution, etc London,
Name of publisher, distributor, etc George G. Harrap & Co.
Date of publication, distribution, etc [c1962]
300 ## - PHYSICAL DESCRIPTION
Pagination 106 p.
Other physical details illus.
650 #0 - SUBJECT ADDED ENTRY--TOPICAL TERM
Topical term or geographic name as entry element Humanists
Form subdivision Biography.
942 ## - ADDED ENTRY ELEMENTS (KOHA)
Source of classification or shelving scheme Dewey Decimal Classification
Koha item type Books
Holdings
Source of classification or shelving scheme Damaged status Not for loan Home library Current library Shelving location Total Checkouts Full call number Barcode Date last seen Copy number Koha item type
Dewey Decimal Classification     JCC Rouf Library JCC Rouf Library General Stacks   923.6 SPE 1962 10414 02/14/2018 C - 1 Books

JCC Library | Contacts | JCC Home

Last Update on 23 September 2017
Copyright @ 2017-2020 JCC Rouf Library
Rouf Library, Jhenidah Cadet College (JCC), Bangladesh